000 03230nam a22003253i 4500
001 991107228429606196
005 20260512150215.0
006 m o d |
007 cr cnu||||||||
008 221126s2022 xx o ||||0 eng d
020 _a9781398608191
035 _a(MiAaPQ)EBC30255673
035 _a(Au-PeEL)EBL30255673
035 _a(CKB)25456221400041
035 _a(Perlego)3790640
035 _a(CaSebORM)9781398608207
035 _a(EXLCZ)9925456221400041
040 _aMiAaPQ
_beng
_erda
_epn
_cMiAaPQ
_dMiAaPQ
050 0 0 _aHF5415.2
_b.G754 2023
100 _aGrigsby, Mike.
_925901
245 1 0 _aMarketing Analytics
_b: A Practical Guide to Improving Consumer Insights Using Data Techniques.
250 _aThird edition
264 1 _aLondon :
_bKogan Page, Limited,
_c2022.
300 _a337 pages
505 _aPART ONE: How can marketing analytics help you? — Overview of statistics — Consumer behaviour and marketing strategy — What is an insight? — PART TWO: Dependent variable techniques — Modelling demand and elasticity — Polynomial distributed lags — Using Poisson regression — Logistic regression and market basket analysis — Survival modelling and lifetime value — Panel regression and same store sales — Introduction to forecasting — PART THREE: Interrelationship techniques — Simultaneous equations — Principal components and factor analysis — Segmentation overview — Tools of segmentation — PART FOUR: Focus on media and loyalty — Modelling marcom value — Media mix modelling — Overview of loyalty — Loyalty with SEM — The customer loyalty journey — PART FIVE: More important topics for everyday marketing — Statistical testing — Introduction to Big Data.
520 _aWho is most likely to buy and what is the best way to target them? How can I use both consumer analytics and modelling to improve the impact of marketing campaigns? Marketing Analytics takes you step-by-step through these areas and more. Marketing Analytics enables you to leverage predictive techniques to measure and improve marketing performance. By exploring real-world marketing challenges, it provides clear, jargon-free explanations on how to apply different analytical models for each purpose. From targeted list creation and data segmentation, to testing campaign effectiveness, pricing structures and forecasting demand, it offers a complete resource for how statistics, consumer analytics and modelling can be put to optimal use. This revised and updated third edition of Marketing Analytics contains new material on forecasting, customer touchpoints modelling, and a new focus on customer loyalty. With accessible language throughout, methodologies are simplified to ensure the more complex aspects of data and analytics are fully accessible for any level of application. Supported by a glossary of key terms and supporting resources consisting of datasets, presentation slides for each chapter and a test bank of self-test question, this book supplies a concrete foundation for optimizing marketing analytics for day-to-day business advantage.
650 0 _aMarketing research
_91465
650 0 _aMarketing
_91020
942 _2lcc
999 _c4954
_d4954